| 000 | 00552nam a22001937a 4500 | ||
|---|---|---|---|
| 005 | 20220623115055.0 | ||
| 008 | 220623b ||||| |||| 00| 0 eng d | ||
| 020 | _a9789388359061 | ||
| 040 |
_aIN-DiNC _cIN-DiNC |
||
| 041 | _dhin | ||
| 082 |
_a891.433 _bMAD |
||
| 100 |
_aMadhuresh _eauthor |
||
| 245 |
_aKahanikar Jainendra Kumar: _bpunarvichar/ _cby Madhuresh |
||
| 250 | _a1st ed. | ||
| 260 |
_aNew Delhi: _bSasta sahitya mandal prakashan, _c2019 |
||
| 300 | _a197p. | ||
| 650 | _aCritical essays on stories of Jainendra Kumar | ||
| 942 |
_2ddc _cBK |
||
| 999 |
_c11346 _d11346 |
||